Modele aproksymacyjne w ekonomii
Na minha lista:
| Autor principal: | |
|---|---|
| Formato: | Livro |
| Idioma: | polonês |
| Publicado em: |
Wroclaw
Akademia Ekon. im. Oskara Langego
1989
|
| Edição: | 1. wyd. |
| Colecção: | Prace naukowe Nr. 464
Nr. 58 |
| Tags: |
Sem tags, seja o primeiro a adicionar uma tag!
|
MARC
| LEADER | 00000nam a2200000 4500 | ||
|---|---|---|---|
| 001 | c032024 | ||
| 005 | 20250512093924.1 | ||
| 041 | 0 | |a pol | |
| 044 | |a PL | ||
| 245 | 1 | 0 | |a Modele aproksymacyjne w ekonomii |c Wanda Ronka-Chmielowiec |
| 250 | |a 1. wyd. | ||
| 264 | 1 | |a Wroclaw |b Akademia Ekon. im. Oskara Langego |c 1989 | |
| 300 | |a 140 s. | ||
| 490 | 1 | |a Prace naukowe Nr. 464 |v Nr. 58 | |
| 830 | 0 | |a Prace naukowe Nr. 464 |v Nr. 58 | |
| 100 | 1 | |a Ronka-Chmielowiec, Wanda | |